[Event "Assiut Upper Egypt"]
[Site "Assiut"]
[Date "2011.10.13"]
[Round "1"]
[White "Nashaat, Esam"]
[Black "Salem, Sameh"]
[Result "0-1"]
[WhiteElo "2096"]
[BlackElo "1911"]
[PlyCount "34"]
[EventDate "2011.10.13"]
[EventType "tourn"]
[EventRounds "9"]
[EventCountry "EGY"]
[SourceTitle "EXT 2019"]
[Source "ChessBase"]
[SourceDate "2018.10.10"]
[SourceVersion "1"]
[SourceVersionDate "2018.10.10"]
[SourceQuality "1"]

1. d4 Nf6 2. c4 g6 3. Nc3 Bg7 4. e4 d6 5. f4 0-0 6. Nf3 c5 7. d5 b5 8. cxb5 a6 9. a4 axb5 10. Bxb5 Na6 11. Bd2 Nb4 12. h3 Bb7 13. g4 e6 14. g5 Nh5 15. Qb3 Qb6 16. Bc4 exd5 17. exd5 Qc7 0-1

[Event "Assiut op 5th"]
[Site "Assiut"]
[Date "2009.08.10"]
[Round "6"]
[White "Hassan, Sayed Barakat"]
[Black "Nashaat, Esam"]
[Result "1-0"]
[WhiteElo "2344"]
[BlackElo "2072"]
[PlyCount "71"]
[EventDate "2009.08.04"]
[EventType "swiss"]
[EventRounds "9"]
[EventCountry "EGY"]
[SourceTitle "EXT 2010"]
[Source "ChessBase"]
[SourceDate "2010.11.25"]
[SourceVersion "1"]
[SourceVersionDate "2010.11.25"]
[SourceQuality "1"]

1. e4 c6 2. c4 d5 3. exd5 cxd5 4. cxd5 Qxd5 5. Nc3 Qd6 6. d4 Nf6 7. Bc4 a6 8. Nf3 b5 9. Bb3 Bb7 10. Ne5 e6 11. Bf4 Qd8 12. Qe2 Nd5 13. Bd2 Nxc3 14. bxc3 Bd5 15. 0-0 Be7 16. Bxd5 Qxd5 17. a4 bxa4 18. c4 Qb7 19. Rab1 Qa7 20. Qe4 a5 21. Nc6 f5 22. Qf3 Nxc6 23. Qxc6+ Kf7 24. d5 exd5 25. Qxd5+ Kg6 26. g4 fxg4 27. Be3 Qc7 28. Rb7 Qd8 29. Qe6+ Bf6 30. Qxg4+ Bg5 31. Bxg5 Qc8 32. Rb6+ Kf7 33. Qf3+ Kg8 34. Qd5+ Kf8 35. Rf6+ gxf6 36. Bh6+ 1-0